01293nam a22003257a 45000010005000000030006000050050017000110080041000280200018000690200017000870400029001040500018001330820013001511000027001642450119001912500041003102600030003513000056003815050007004375200071004445210018005155210018005336500027005516500036005787000031006149420015006459990015006609520147006759520145008228020FISKH20250909120446.0250819b cb ||||| |||| 00| 0 eng d a9780142402764 a051488006992 aFISKHbengcFISKHdFISKH aKF4550.Z9 C38 a342.7302 aCatrow, Davidd(1952-) aWe the kids :bThe preamble to the constitution of the United States /cIllustrations and Foreword by David Catrow aThis edition first published in 2002 aNew York :bPuffin,c2002 a22 unnumbered pages :bcolor illustrations ;c28 cm aE  aAn illustrated preamble to the Constitution of the United States. 8 a250 bLexile 8 aE bRaz-Plus  2PreambleaConstitution 2American historyaInformational aCatrow, Daviddillustrator 2ddccBKn0 c8020d8020 00102ddc40708JUVFa002b002cTTP Dark Greend2025-08-19l0oCAT 342.7302 KF4550.Z9 C38pFISTK02667r2025-08-19 09:41:31t1w2025-08-19yBK 00102ddc40708JUVFa002b002cTTP Dark Greend2025-09-09l0oCAT 342.7302 KF4550.Z9 C38pFIS04722r2025-09-09 12:05:09t2w2025-09-09yBK